LEADER 00770nam0 2200253 450 001 000006709 005 20060322133113.0 010 $a88-8114-075-6 100 $a20060322d1995----km-y0itay50------ba 101 0 $aita 102 $aIT 105 $ay-------001yy 200 1 $aAsilo, migrazione, lavoro$fa cura di Maria Rita Saulle 210 $aNapoli$cEdizioni scientifiche italiane$d1995 215 $a220 p.$d24 cm 225 2 $aScienze del diritto e dell'economia$v0011 410 0$12001$aScienze del diritto e dell'economia 676 $a325.21$v20 702 1$aSaulle,$bMaria Rita 801 0$aIT$bUNIPARTHENOPE$c20060322$gRICA$2UNIMARC 912 $a000006709 951 $aG-0054$b34659$cNAVA3 996 $aASILO migrazione lavoro$9626138 997 $aUNIPARTHENOPE